1089 1529 1942 1602 1585 1848 1866 1188 1239 1753 1378 1451 1645 1361 1443 1704 1083 1913 1236 1401 1356 1016 1015 1658 1358 1680 1388 1228 1137 1115 1493 1112 1051 1601 1539 1108 1250 1116 1331 1520 1185 1425 1331 1605 1243 1047 1539 1311 1184 1878 1915 1619 1112 1430 1510 1132 1149 1268 1211 1949 1594 1189 1156 1723 1414 1064 1588 1493 1419 1143 1874 1624 1834 1504 1766 1499 1448 1493 1189 1946 1818 1933 1693 1105 1349 1040 1524 1245 1557 1402 1201 1684 1590 1254 1393 1383 1209 1616 1742 BCNSPRNW ULIB Ver.6.0+V

เปลี่ยนเป็นภาษาไทย

Change to English
 แสดงรายละเอียดบรรณานุกรม
  กลับหน้าหลัก

Brief Record : Get Marc (ISO 2709) : E-mail record : QR code < ปิดหน้าต่าง
LEADER : 00000nam 2200000uu 4500
001    13399127744
003     ULIB
008    210518s2557||||th 000 0 tha d
020    ู^a9786163691446
050    ^aนว^bซ119ม^cล.4
100    ^aซ็อลบง
245    ^aมหากาพย์เทพมรณะ เล่ม 4
250    ^aพิมพ์ครั้งที่ 1
260    ^aกรุงเทพฯ :^bสยามอินเตอร์บุ๊คส์,^c2557
300    ^a239 หน้า;^b21 ซม.
650    ^aนวนิยาย
945    ^p200^l0^i008055
999    ^aประนอม เกษจรัล
รายการนี้ยังไม่มีแท็ก
คุณยังไม่ได้ล็อกอิน คุณสามารถมีกิจกรรมร่วมกับเว็บไซต์ได้ แต่ต้องล็อกอินก่อน ::
  ล็อกอิน

รายการสื่อสารสนเทศ

ลำดับที่ ประเภท เลขเรียก/บาร์โค้ด สถานที่ สถานะ
1. นวนิยาย
นวนิยาย
นว ซ119ม ล.4 ฉ.1 
  Barcode: 008055
ห้องสมุดวิทยาเขตนครสวรรค์
►นวนิยาย:l:Fiction
บนชั้น
Note:บริจาค

รายการใกล้เคียง
    ผู้แต่ง [ซ็อลบง]

    หัวเรื่อง [นวนิยาย]

BibComment


ยังไม่เคยถูกคอมเมนท์

คอมเมนท์ทรัพยากรรายการนี้
  คอมเมนท์: มหากาพย์เทพมรณะ ..


 Copyright 2026. Bcnsprnw @Library